| 000 | 00357nam a2200133Ia 4500 | ||
|---|---|---|---|
| 005 | 20251222144844.0 | ||
| 008 | 251222s9999||||xx |||||||||||||| ||spa|| | ||
| 020 | _a84-7908-202-X | ||
| 082 | _a658.403.801.1/C68 | ||
| 100 | _aClaver Cortús, Enrique | ||
| 245 | 0 | _aSistemas de Información Estratégicos: | |
| 264 | _bUniversidad de Alicante | ||
| 942 | _cLIB | ||
| 999 |
_c21330 _d21330 |
||